Statystyki dla Państwa na literę K

Kliknij tutaj aby rozwiązać quiz!

Ogólne statystyki

  • Ten quiz został rozwiązany 19 849 razy
    (19 847 od ostatniego zresetowania)
  • Średni wynik to 11 z 17

Statystyki odpowiedzi

Kraj% Poprawnych
Kanada
85%
Kolumbia
79%
Kazachstan
72%
Korea Północna
70%
Korea Południowa
70%
Kirgistan
69%
Kambodża
67%
Kosowo
66%
Kongo
65%
Kostaryka
65%
Kenia
64%
Kuba
60%
Kamerun
54%
Kuwejt
54%
Katar
53%
Kiribati
40%
Komory
33%

Rozkład punktacji

Percentyl według liczby udzielonych odpowiedzi

Procent ludzi z każdym wynikiem

Twoja historia wyników

Nie rozwiązałeś tego quizu od ostatniego zresetowania